[Event "Prva liga CS"]
[Site "www.sah-centralnasrbija.com"]
[Date "2013.09.15"]
[Round "?"]
[White "Petkov Vladimir"]
[Black "Mista Aleksander"]
[Result "1/2-1/2"]
[WhiteElo "2564"]
[BlackElo "2582"]
[PlyCount "31"]
[EventDate "2013.??.??"]

1. d4 d5 2. c4 dxc4 3. Nf3 a6 4. e3 b5 5. a4 Bb7 6. axb5 axb5 7. Rxa8 Bxa8 8.
b3 e6 9. bxc4 bxc4 10. Bxc4 Nf6 11. Ba3 Bxa3 12. Nxa3 O-O 13. O-O Nbd7 14. Be2
c5 15. dxc5 Nxc5 16. Qxd8 1/2-1/2

[Event "Prva liga CS"]
[Site "www.sah-centralnasrbija.com"]
[Date "2013.09.15"]
[Round "?"]
[White "Pavlovic Milos"]
[Black "Tosic Miroslav"]
[Result "1-0"]
[WhiteElo "2496"]
[BlackElo "2412"]
[PlyCount "71"]
[EventDate "2013.??.??"]

1. c4 c5 2. g3 Nc6 3. Bg2 g6 4. Nc3 Bg7 5. Nf3 e5 6. O-O Nge7 7. a3 a5 8. d3
O-O 9. Ne1 d6 10. Bg5 f6 11. Bd2 f5 12. Nc2 h6 13. Rb1 Be6 14. b4 cxb4 15. axb4
d5 16. cxd5 Nxd5 17. bxa5 Rf7 18. Na4 Nxa5 19. Nc5 Bc8 20. Rb5 b6 21. Na4 Nc7
22. Rxb6 e4 23. Ne3 Ne6 24. dxe4 f4 25. Nd5 fxg3 26. hxg3 Nc4 27. Rb4 Rxa4 28.
Rxa4 Nb2 29. Qc2 Bd7 30. Rb4 Nd4 31. Rxd4 Bxd4 32. Bc3 Bxc3 33. Qxc3 Na4 34.
Qe3 Qf8 35. Rc1 Be6 36. Nf4 1-0

[Event "Prva liga CS"]
[Site "www.sah-centralnasrbija.com"]
[Date "2013.09.15"]
[Round "?"]
[White "Paunovic Tomislav"]
[Black "Tadic Branko"]
[Result "0-1"]
[WhiteElo "2327"]
[BlackElo "2486"]
[PlyCount "65"]
[EventDate "2013.??.??"]

1. b3 e5 2. Bb2 Nc6 3. g3 d5 4. Bg2 Bg4 5. d3 f5 6. Nd2 Nf6 7. c4 d4 8. Qc2 e4
9. a3 Qe7 10. dxe4 O-O-O 11. f3 Bh5 12. Nh3 fxe4 13. Nxe4 Nxe4 14. Qxe4 Qxe4
15. fxe4 Na5 16. Nf4 Bf7 17. Bh3+ Kb8 18. Be6 Bg8 19. O-O-O Nxb3+ 20. Kc2 Na5
21. Bxd4 Re8 22. Bxg8 Rxg8 23. Kd3 Nc6 24. Bb2 Bd6 25. Rhf1 Be5 26. Bxe5 Rxe5
27. Nd5 Rge8 28. Nc3 Rc5 29. Rf5 Ne5+ 30. Kc2 g6 31. Rf4 Nxc4 32. Rd7 Nxa3+ 33.
Kb3 0-1

[Event "Prva liga CS"]
[Site "www.sah-centralnasrbija.com"]
[Date "2013.09.15"]
[Round "?"]
[White "Roganovic Milos"]
[Black "Todorovic Bojan"]
[Result "1-0"]
[WhiteElo "2497"]
[BlackElo "2338"]
[PlyCount "81"]
[EventDate "2013.??.??"]

1. e4 e5 2. Nf3 Nc6 3. Bb5 Nf6 4. d3 Bc5 5. O-O Nd4 6. Ba4 Nxf3+ 7. Qxf3 O-O 8.
Nc3 d6 9. h3 h6 10. Ne2 Nh7 11. Ng3 Ng5 12. Qe2 f5 13. exf5 Bxf5 14. Nxf5 Rxf5
15. c3 d5 16. Qg4 Qf6 17. Be3 h5 18. Qe2 Bd6 19. Bd7 Ne6 20. g4 Nf4 21. Qf3
hxg4 22. hxg4 Rg5 23. Bxf4 exf4 24. Rfe1 Rd8 25. Be6+ Kf8 26. Bxd5 Qg6 27. Be6
c6 28. Re4 Re8 29. Bd7 Re7 30. Bc8 Rc7 31. Qh3 Be5 32. Qh8+ Kf7 33. f3 Qh6 34.
Qxh6 gxh6 35. Bf5 Bd6 36. Kg2 Re7 37. Rh1 Kg7 38. d4 Rf7 39. Kf2 h5 40. Be6 Re7
41. Rxh5 1-0

[Event "Prva liga CS"]
[Site "www.sah-centralnasrbija.com"]
[Date "2013.09.15"]
[Round "?"]
[White "Colovic Dusan"]
[Black "Nikolic Boban"]
[Result "1-0"]
[WhiteElo "2387"]
[BlackElo "2255"]
[PlyCount "91"]
[EventDate "2013.??.??"]

1. d4 d5 2. Nc3 c6 3. Bf4 Nf6 4. e3 Bf5 5. f3 e6 6. g4 Bg6 7. h4 h6 8. Bd3 Bxd3
9. Qxd3 Bd6 10. Nge2 Na6 11. O-O-O Bxf4 12. Nxf4 Qa5 13. g5 Nb4 14. Qe2 Nd7 15.
a3 Na6 16. g6 O-O 17. e4 Nc7 18. gxf7+ Rxf7 19. Ng6 b5 20. exd5 cxd5 21. Na2
Qb6 22. Kb1 a5 23. Nc1 b4 24. a4 b3 25. cxb3 Na6 26. Rhe1 Rf6 27. Ne7+ Kf7 28.
Nxd5 exd5 29. Qe7+ Kg8 30. Qxd7 Rd8 31. Re8+ Rxe8 32. Qxe8+ Rf8 33. Qh5 Qe6 34.
Na2 Rf5 35. Qg4 h5 36. Qg2 Qf6 37. Qe2 Kh7 38. Qb5 Qg6 39. Ka1 Nb4 40. Nxb4
axb4 41. Qxb4 Rxf3 42. Ka2 Qc2 43. Rg1 Rf2 44. Qa3 Rf4 45. Rg5 Rxd4 46. Qe7 1-0

[Event "Prva liga centralne Srbije 2013"]
[Site "Kragujevac"]
[Date "2013.09.15"]
[Round "3.3"]
[White "Musovic, Sabrija"]
[Black "Pancevski, Filip"]
[Result "0-1"]
[WhiteElo "2093"]
[BlackElo "2500"]
[PlyCount "62"]
[EventDate "2013.09.14"]

1. e4 g6 2. d4 Bg7 3. Nc3 d6 4. Be3 c6 5. f3 Qb6 6. Bc4 Qxb2 7. Nge2 Qb4 8. Qd3
Nf6 9. O-O O-O 10. a4 Qa5 11. Rfb1 Nbd7 12. Qd2 Re8 13. g4 Qc7 14. Ng3 d5 15.
Be2 dxe4 16. fxe4 Nf8 17. Bf4 e5 18. dxe5 Nxg4 19. Bxg4 Bxg4 20. e6 Qe7 21.
exf7+ Qxf7 22. Ra3 Rad8 23. Qf2 Ne6 24. Be3 Qe7 25. Rab3 Rf8 26. Qe1 Nd4 27.
Qc1 Nf3+ 28. Kh1 Qh4 29. Nf1 Nxh2 30. Bg5 Bf3+ 31. Kg1 Qg4+ 0-1

[Event "Prva liga centralne Srbije 2013"]
[Site "Kragujevac"]
[Date "2013.09.15"]
[Round "3.3"]
[White "Mrsevic, Miroslav"]
[Black "Brankovic, Dejan"]
[Result "1-0"]
[WhiteElo "2286"]
[BlackElo "2364"]
[PlyCount "95"]
[EventDate "2013.09.14"]

1. e4 c5 2. d3 Nc6 3. g3 g6 4. Bg2 Bg7 5. Nc3 e6 6. Be3 Nd4 7. Nce2 Nxe2 8.
Nxe2 Bxb2 9. Rb1 Bg7 10. Bxc5 d6 11. Ba3 Ne7 12. O-O O-O 13. d4 Qc7 14. Qd3 Rd8
15. Rb3 Nc6 16. Rfb1 b6 17. Rc3 Qd7 18. h4 Bb7 19. h5 Rac8 20. Bc1 e5 21. d5
Nd4 22. Ra3 Nxe2+ 23. Qxe2 Ra8 24. Kh2 Qc7 25. Rbb3 Rdc8 26. Qf3 Qd8 27. h6
Rxc2 28. Be3 Bf8 29. Bh3 Be7 30. Rc3 Rxc3 31. Rxc3 Bc8 32. Bf1 a6 33. Rc6 Rb8
34. Qd1 Bd7 35. Bxa6 Bxc6 36. dxc6 d5 37. Qxd5 Qc7 38. f4 Bf6 39. Bc4 b5 40.
Bb3 Kh8 41. Qxf7 Qxf7 42. Bxf7 Rc8 43. Bd5 Bd8 44. Kh3 Bc7 45. Kg4 Bd6 46. Bc1
b4 47. Bb2 Bc7 48. fxe5 1-0

[Event "Prva liga centralne Srbije 2013"]
[Site "Kragujevac"]
[Date "2013.09.15"]
[Round "3.4"]
[White "Milanovic, Slavisa"]
[Black "Djukic, Zeljko"]
[Result "1/2-1/2"]
[WhiteElo "2419"]
[BlackElo "2386"]
[PlyCount "71"]
[EventDate "2013.09.14"]

1. c4 e5 2. Nc3 Nf6 3. Nf3 Nc6 4. a3 g6 5. g3 a5 6. Bg2 Bg7 7. O-O O-O 8. d3 d6
9. h3 h6 10. e4 Nd7 11. Be3 Nc5 12. Rb1 f5 13. Nh4 Kh7 14. exf5 gxf5 15. f4
exf4 16. Bxf4 a4 17. Kh2 Nd4 18. Nf3 Bd7 19. Nxd4 Bxd4 20. Ne2 Bg7 21. d4 Ne4
22. Nc3 Nxc3 23. bxc3 Bc6 24. Bxc6 bxc6 25. Qf3 Qd7 26. Rb7 Rfb8 27. Rfb1 Rxb7
28. Rxb7 Re8 29. Qh5 Re1 30. g4 fxg4 31. hxg4 Rf1 32. Kg3 Rg1+ 33. Kf3 Rf1+ 34.
Kg3 Rg1+ 35. Kf3 Rf1+ 36. Kg3 1/2-1/2

[Event "Prva liga centralne Srbije 2013"]
[Site "Kragujevac"]
[Date "2013.09.15"]
[Round "3.4"]
[White "Ilic, Zoran S"]
[Black "Ivanovic, Dragutin"]
[Result "1/2-1/2"]
[WhiteElo "2319"]
[BlackElo "2360"]
[PlyCount "117"]
[EventDate "2013.09.14"]

1. d4 d6 2. Nf3 Nf6 3. c4 Nbd7 4. Nc3 e5 5. g3 Be7 6. Bg2 O-O 7. O-O Re8 8. e4
Bf8 9. Re1 c6 10. b3 a6 11. d5 cxd5 12. cxd5 b5 13. h3 Bb7 14. Bd2 Rc8 15. Qe2
g6 16. Rec1 Nh5 17. Ne1 Ng7 18. Nd3 f5 19. f3 Nh5 20. Kh2 f4 21. gxf4 exf4 22.
Nxf4 Nxf4 23. Bxf4 Qf6 24. Qd2 Ne5 25. Ne2 g5 26. Bxe5 Qxe5+ 27. Kh1 Bg7 28.
Rxc8 Rxc8 29. Rf1 Qb2 30. Qe3 Rc2 31. Re1 h6 32. Bf1 Qf6 33. a4 Bc8 34. axb5
axb5 35. Rc1 Rxc1 36. Nxc1 Qa1 37. Kg2 Be5 38. Nd3 Bxh3+ 39. Kxh3 Qxf1+ 40. Kg4
Bg7 41. f4 gxf4 42. Nxf4 Be5 43. Nd3 Qg2+ 44. Kf5 Bg7 45. Qf4 h5 46. Ke6 Qg6+
47. Kd7 Bf8 48. Kc6 Qe8+ 49. Kb6 Be7 50. Qg3+ Kh7 51. Ka5 Bd8+ 52. Ka6 Qd7 53.
Qf3 h4 54. Qh5+ Kg7 55. Nf4 Qc8+ 56. Ka7 Qc7+ 57. Ka8 Qc8+ 58. Ka7 Qc7+ 59. Ka8
1/2-1/2

[Event "Prva liga centralne Srbije 2013"]
[Site "Kragujevac"]
[Date "2013.09.15"]
[Round "3.4"]
[White "Blesic, Vaso"]
[Black "Mitrovic, Darko R"]
[Result "1/2-1/2"]
[WhiteElo "2375"]
[BlackElo "2278"]
[PlyCount "43"]
[EventDate "2013.09.14"]

1. e4 e6 2. d4 d5 3. Nc3 Bb4 4. e5 c5 5. Bd2 Ne7 6. Nb5 Bxd2+ 7. Qxd2 O-O 8. f4
Bd7 9. Nd6 cxd4 10. Nf3 Nbc6 11. Bd3 Qa5 12. Qxa5 Nxa5 13. Nxd4 Nc8 14. Nxc8
Raxc8 15. c3 Nc6 16. Kd2 f6 17. Rhf1 fxe5 18. Nxc6 Bxc6 19. fxe5 Rxf1 20. Rxf1
d4 21. cxd4 Bxg2 22. Rf4 1/2-1/2

[Event "Prva liga centralne Srbije 2013"]
[Site "Kragujevac"]
[Date "2013.09.15"]
[Round "3.4"]
[White "Djokic, Vladan"]
[Black "Sandic, Vladeta"]
[Result "1/2-1/2"]
[WhiteElo "2310"]
[BlackElo "2326"]
[PlyCount "30"]
[EventDate "2013.09.14"]

1. e4 c6 2. d4 d5 3. Nd2 dxe4 4. Nxe4 Bf5 5. Ng3 Bg6 6. Nf3 Nd7 7. h4 h6 8. h5
Bh7 9. Bd3 Bxd3 10. Qxd3 Ngf6 11. Bd2 e6 12. O-O-O Qc7 13. Ne4 O-O-O 14. Nxf6
Nxf6 15. Qe2 Rd5 1/2-1/2

[Event "Prva liga centralne Srbije 2013"]
[Site "Kragujevac"]
[Date "2013.09.15"]
[Round "3.5"]
[White "Nestorovic, Dejan"]
[Black "Perunovic, Miodrag"]
[Result "0-1"]
[WhiteElo "2437"]
[BlackElo "2418"]
[PlyCount "64"]
[EventDate "2013.09.14"]

1. d4 Nf6 2. c4 e6 3. Nf3 b6 4. Nc3 Bb4 5. Qb3 c5 6. a3 Ba5 7. e3 O-O 8. Be2
Ne4 9. O-O Bxc3 10. bxc3 Ba6 11. Nd2 Nxd2 12. Bxd2 Nc6 13. Rfe1 Na5 14. Qa2 Rc8
15. d5 Re8 16. e4 Qh4 17. f3 f5 18. g3 Qf6 19. Bd3 fxe4 20. fxe4 Rf8 21. Rf1
Qg6 22. Qc2 Bxc4 23. Bxc4 Nxc4 24. dxe6 Qxe6 25. Bf4 h6 26. h4 Rce8 27. Rfe1
Qg4 28. Kh2 Rxf4 29. gxf4 Qxf4+ 30. Kg1 Nd2 31. Re2 Nf3+ 32. Kg2 Rf8 0-1

[Event "Prva liga centralne Srbije 2013"]
[Site "Kragujevac"]
[Date "2013.09.15"]
[Round "3.5"]
[White "Radovanovic, Dusan"]
[Black "Milenkovic, Mladen"]
[Result "1/2-1/2"]
[WhiteElo "2377"]
[BlackElo "2381"]
[PlyCount "34"]
[EventDate "2013.09.14"]

1. d4 Nf6 2. Nf3 c5 3. d5 e6 4. c4 exd5 5. cxd5 d6 6. Nc3 a6 7. a4 g6 8. h3 Bg7
9. e4 Nbd7 10. Bd3 Nh5 11. O-O Ne5 12. Be2 Nxf3+ 13. Bxf3 Qh4 14. Bg4 Be5 15.
Be3 Bxg4 16. Qxg4 Qxg4 17. hxg4 Nf6 1/2-1/2

[Event "Prva liga centralne Srbije 2013"]
[Site "Kragujevac"]
[Date "2013.09.15"]
[Round "3.5"]
[White "Dudukovic, Nikola"]
[Black "Marcetic, Nikola"]
[Result "1/2-1/2"]
[WhiteElo "2352"]
[BlackElo "2395"]
[PlyCount "20"]
[EventDate "2013.09.14"]

1. c4 e6 2. e4 b6 3. g3 Bb7 4. Bg2 f5 5. d3 Nf6 6. Nc3 Bb4 7. Nge2 fxe4 8. O-O
O-O 9. dxe4 Nc6 10. a3 Bxc3 1/2-1/2

[Event "Prva liga centralne Srbije 2013"]
[Site "Kragujevac"]
[Date "2013.09.15"]
[Round "3.5"]
[White "Radivojevic, Ivan"]
[Black "Organdziev, Oliver"]
[Result "1/2-1/2"]
[WhiteElo "2352"]
[BlackElo "2308"]
[PlyCount "89"]
[EventDate "2013.09.14"]

1. e4 e5 2. Nf3 Nc6 3. Bc4 Be7 4. O-O Nf6 5. d3 O-O 6. Re1 d6 7. c3 a6 8. Bb3
h6 9. Nbd2 Nh7 10. d4 Ng5 11. Nxg5 Bxg5 12. Nf1 Bxc1 13. Rxc1 Qf6 14. Ne3 Ne7
15. dxe5 dxe5 16. Qh5 Be6 17. Ng4 Qg6 18. Qxg6 Nxg6 19. Bxe6 fxe6 20. g3 Rad8
21. Rcd1 Kf7 22. Kf1 Ke7 23. Ke2 Rxd1 24. Rxd1 Rd8 25. Rxd8 Kxd8 26. h4 h5 27.
Ne3 Kd7 28. Ng2 Ke7 29. Ke3 Kf6 30. f3 Nf8 31. g4 g5 32. gxh5 gxh4 33. Nxh4 Kg5
34. Ng6 Nxg6 35. hxg6 Kxg6 36. Kf2 Kh5 37. Kg3 Kg5 38. b4 b5 39. Kf2 Kf6 40.
Ke2 Kg5 41. Ke3 Kf6 42. Kd3 Kg5 43. Ke2 Kg6 44. Kd2 Kg5 45. Ke3 1/2-1/2

[Event "Prva liga centralne Srbije 2013"]
[Site "Kragujevac"]
[Date "2013.09.15"]
[Round "3.5"]
[White "Prelevic, Dusko"]
[Black "Vuckovic, Branko"]
[Result "1/2-1/2"]
[WhiteElo "2312"]
[BlackElo "2263"]
[PlyCount "60"]
[EventDate "2013.09.14"]

1. e4 Nf6 2. e5 Nd5 3. c4 Nb6 4. c5 Nd5 5. Nc3 e6 6. Nxd5 exd5 7. d4 d6 8. cxd6
cxd6 9. Nf3 Nc6 10. Bd3 Be7 11. O-O O-O 12. h3 Be6 13. Bc2 Qd7 14. Bf4 dxe5 15.
Nxe5 Nxe5 16. Bxe5 f6 17. Bf4 Bf5 18. Bb3 Bb4 19. Rc1 Rac8 20. Qf3 Be6 21. Qe2
Rfe8 22. Rxc8 Rxc8 23. Bd2 Bd6 24. Re1 Bf7 25. Qf3 Bf8 26. Re3 b5 27. Qe2 b4
28. Qa6 Bd6 29. Re1 Qc6 30. Qd3 a5 1/2-1/2

[Event "Prva liga centralne Srbije 2013"]
[Site "Kragujevac"]
[Date "2013.09.15"]
[Round "3.6"]
[White "Atalik, Suat"]
[Black "Tomic, Bosko"]
[Result "1/2-1/2"]
[WhiteElo "2566"]
[BlackElo "2447"]
[PlyCount "74"]
[EventDate "2013.09.14"]

1. d4 Nf6 2. c4 g6 3. Nc3 Bg7 4. e4 O-O 5. Bg5 d6 6. h3 Nbd7 7. Nf3 e5 8. d5 a5
9. Nd2 Nc5 10. Be2 Bd7 11. O-O c6 12. Nb3 Na6 13. Re1 a4 14. Nc1 cxd5 15. Nxd5
Bc6 16. Bd3 Nc5 17. Bc2 Bxd5 18. cxd5 Qb8 19. a3 Nfd7 20. g4 Bf6 21. Bh6 Rc8
22. Na2 Qc7 23. Nc3 Nb6 24. Qe2 Qe7 25. Nb5 Ra6 26. Rac1 Nbd7 27. Qe3 Qd8 28.
Bd1 Rb6 29. Be2 Ra8 30. Rc2 Ra5 31. Nc3 Nb3 32. Kg2 Ndc5 33. Bd1 Nd4 34. Rd2
Ncb3 35. Rd3 Nc5 36. Rd2 Ncb3 37. Rd3 Nc5 1/2-1/2

[Event "Prva liga centralne Srbije 2013"]
[Site "Kragujevac"]
[Date "2013.09.15"]
[Round "3.6"]
[White "Dimitrijevic, Srdjan"]
[Black "Nestorovic, Nikola"]
[Result "0-1"]
[WhiteElo "2307"]
[BlackElo "2439"]
[PlyCount "64"]
[EventDate "2013.09.14"]

1. d4 Nf6 2. Nf3 c5 3. d5 b5 4. c4 g6 5. cxb5 a6 6. b6 d6 7. Nc3 Nbd7 8. e4 Bg7
9. Be2 Qxb6 10. h3 O-O 11. O-O Rb8 12. Rb1 a5 13. b3 Ba6 14. Bb2 Qb7 15. Re1
Bxe2 16. Qxe2 Nb6 17. Nd2 a4 18. Ba1 axb3 19. Rxb3 Qa8 20. Reb1 Nfd7 21. Nc4
Nxc4 22. Qxc4 Ne5 23. Qa4 Qxa4 24. Nxa4 Rxb3 25. Rxb3 Ra8 26. Nc3 Nc4 27. a4
Bd4 28. Rb7 Kf8 29. g3 Nd2 30. Bb2 Bxc3 31. Bxc3 Nxe4 32. Bb2 f6 0-1

[Event "Prva liga centralne Srbije 2013"]
[Site "Kragujevac"]
[Date "2013.09.15"]
[Round "3.6"]
[White "Marinkovic, Ivan"]
[Black "Jovic, Stanoje"]
[Result "1-0"]
[WhiteElo "2448"]
[BlackElo "2328"]
[PlyCount "81"]
[EventDate "2013.09.14"]

1. e4 c6 2. Nc3 d5 3. Nf3 dxe4 4. Nxe4 Nf6 5. Qe2 Bf5 6. Nxf6+ gxf6 7. d3 e6 8.
g3 Na6 9. Bg2 Bb4+ 10. Bd2 Bxd2+ 11. Qxd2 Bg4 12. Nh4 Qd4 13. O-O O-O-O 14.
Rab1 Bh5 15. Rfe1 Bg6 16. b4 Nc7 17. Nf3 Qd6 18. a4 e5 19. Qe3 Kb8 20. b5 Nd5
21. Qc1 c5 22. Nd2 Nb4 23. Rb3 Bf5 24. Nc4 Qd7 25. Na5 Be6 26. Rxb4 cxb4 27.
Nxb7 Rc8 28. Na5 Bd5 29. Bxd5 Qxd5 30. Qb1 h5 31. Nc6+ Ka8 32. Ne7 Qc5 33. Nxc8
Rxc8 34. Re4 Qxc2 35. Qxc2 Rxc2 36. Rxb4 Ra2 37. d4 Kb7 38. dxe5 fxe5 39. Rc4
f6 40. Kg2 Ra3 41. h4 1-0

[Event "Prva liga centralne Srbije 2013"]
[Site "Kragujevac"]
[Date "2013.09.15"]
[Round "3.6"]
[White "Zivkovic, Nemanja"]
[Black "Simonovic, Aleksandar"]
[Result "1-0"]
[WhiteElo "2274"]
[BlackElo "2365"]
[PlyCount "43"]
[EventDate "2013.09.14"]

1. e4 d5 2. exd5 Nf6 3. d4 Nxd5 4. Nf3 g6 5. Bc4 Bg7 6. O-O O-O 7. Re1 Nc6 8.
c3 h6 9. Qe2 e6 10. Ne5 Bd7 11. Nd2 Na5 12. Nxd7 Qxd7 13. Bb5 c6 14. Ba4 b5 15.
Bc2 Rfe8 16. Nf3 Nc4 17. Ne5 Nxe5 18. dxe5 Qe7 19. Qe4 Kh7 20. h4 h5 21. Bg5
Qc7 22. g4 1-0

[Event "Prva liga centralne Srbije 2013"]
[Site "Kragujevac"]
[Date "2013.09.15"]
[Round "3.6"]
[White "Nestorovic, Lazar"]
[Black "Krstic, Ranko"]
[Result "1-0"]
[WhiteElo "2391"]
[BlackElo "2203"]
[PlyCount "73"]
[EventDate "2013.09.14"]

1. e4 g6 2. d4 Bg7 3. Nc3 c6 4. Nge2 d5 5. Be3 dxe4 6. Nxe4 Nf6 7. Nxf6+ exf6
8. Qd2 h5 9. O-O-O O-O 10. Nf4 Nd7 11. Bc4 Nb6 12. Bb3 Nd5 13. Nxd5 cxd5 14.
Qb4 b6 15. Bf4 Be6 16. Qd6 Bh6 17. Kb1 Bxf4 18. Qxf4 g5 19. Qd2 Qd6 20. h4 Kg7
21. hxg5 Rh8 22. gxf6+ Kxf6 23. Rde1 Rag8 24. g3 Rg4 25. Re5 h4 26. gxh4 Rhg8
27. a3 b5 28. h5 Kg7 29. f3 Rg3 30. Qf4 Kf8 31. h6 Rg1+ 32. Rxg1 Rxg1+ 33. Ka2
a5 34. h7 Rh1 35. Qf6 a4 36. h8=Q+ Rxh8 37. Qxh8+ 1-0

[Event "Prva liga centralne Srbije 2013"]
[Site "Kragujevac"]
[Date "2013.09.15"]
[Round "3.6"]
[White "Trickovic, Vladimir"]
[Black "Stankovic, Milos"]
[Result "0-1"]
[WhiteElo "2078"]
[BlackElo "2407"]
[PlyCount "126"]
[EventDate "2013.09.14"]

1. d4 e6 2. Nf3 c5 3. c3 Nf6 4. Bf4 b6 5. e3 Bb7 6. Bd3 Be7 7. O-O Nh5 8. Bg3
Nxg3 9. hxg3 O-O 10. Nbd2 d6 11. Qe2 a6 12. Rac1 Nd7 13. e4 b5 14. e5 cxd4 15.
exd6 Bxd6 16. Nxd4 Nf6 17. Rfd1 Be7 18. Ne4 Qd5 19. Nxf6+ Bxf6 20. Nf3 Qc6 21.
Re1 Rac8 22. Be4 Qb6 23. Bxb7 Qxb7 24. Qe4 Qb6 25. Ne5 Rfd8 26. Rcd1 Qc7 27.
Nf3 g6 28. a4 Qb6 29. Ne5 Bxe5 30. Qxe5 bxa4 31. Rxd8+ Rxd8 32. c4 Qd4 33. c5
Qxe5 34. Rxe5 Rd1+ 35. Kh2 Rd2 36. c6 Rc2 37. Ra5 Rxc6 38. Rxa4 Kf8 39. b4 Ke7
40. Ra5 Rb6 41. f3 Kd6 42. g4 Kc6 43. Kg3 Kb7 44. Ra4 Rc6 45. Kf4 f6 46. Ke3
Kb6 47. Ra5 Rc4 48. Ra4 Rc2 49. g3 Rb2 50. f4 Rb3+ 51. Kf2 h6 52. Kg2 e5 53. g5
hxg5 54. fxe5 fxe5 55. Ra5 Rxb4 56. Rxe5 g4 57. Rg5 a5 58. Kf2 Re4 59. Rxg6+
Kb5 60. Rg8 a4 61. Rb8+ Kc4 62. Rc8+ Kb3 63. Rb8+ Rb4 0-1